000 01022 a2200253 4500
003 Nust
005 20220720162108.0
010 _a 2003046369
020 _a0767430344 (pbk. : acid-free paper)
040 _cNust
082 0 0 _a003.54,WES
100 1 _aWest, Richard L.
_994135
245 1 0 _aIntroducing communication theory :
_banalysis and application /
_cRichard West, Lynn H. Turner.
250 _a2nd ed.
260 _aNew York, N.Y.:
_bMcGraw-Hill,
_cc2004.
300 _a1 v. (various pagings) :
_bill. ;
_c23 cm.
505 _aPart.1 : Setting The Stage (Page-1),Part.II : Understanding the Dialogue (Page-79), Part.III : Casting New Directions (Page-511).
650 0 _aCommunication.
650 0 _aInformation theory.
_93107
700 1 _aTurner, Lynn H.
_994136
856 4 2 _3Publisher description
_uhttp://www.loc.gov/catdir/description/mh031/2003046369.html
856 4 2 _3Table of contents only
_uhttp://www.loc.gov/catdir/enhancements/fy0668/2003046369-t.html
942 _2ddc
_cBK
_k003.54,WES
999 _c176761
_d176761